| 000 | 01162naa a2200289 c 4500 | ||
|---|---|---|---|
| 001 | 49926 | ||
| 999 |
_c49926 _d49926 |
||
| 003 | ES-MaCES | ||
| 005 | 20170921142518.0 | ||
| 008 | 170921s2017 sp ||||| t||||||| ||spa d | ||
| 040 |
_aES-MaCES _bspa _cES-MaCES _dES-MaCES |
||
| 100 | 1 |
_912021 _aFerradans Caramés, Carmen |
|
| 245 | 1 | 0 |
_aConvenio colectivo ultraactivo y transmisión de empresa _cCarmen Ferradans Caramés |
| 500 | _aResumen | ||
| 504 | _aBibliografía: p. 104-105 | ||
| 650 | 4 |
_928361 _aconvenio colectivo |
|
| 650 | 4 |
_930041 _aextensión del convenio colectivo |
|
| 650 | 4 |
_930833 _atransmisión de la empresa |
|
| 650 | 4 |
_929924 _aderechos de los trabajadores |
|
| 650 | 4 |
_928327 _acondiciones de trabajo |
|
| 650 | 4 |
_927165 _aderecho del trabajo |
|
| 650 | 4 |
_927166 _alegislación del trabajo |
|
| 650 | 4 |
_929892 _areforma legislativa |
|
| 653 | 1 | 0 | _aDerecho del trabajo y Seguridad Social |
| 773 | 0 |
_986335 _dMadrid (Ignacio Ellacuría, 3, 28017) Civitas _o089232 _tNueva revista española de Derecho del trabajo _w(ES-MaCES)25060 _gn. 198 (mayo 2017) {10040 R. 089232} ;p. 77-105 |
|
| 902 | _aART Artículo de revista | ||
| 942 |
_2CES _cAR _h6.0.1. |
||